000 00288nam a2200121Ia 4500
008 191201s2008 xx 000 0 und d
100 _aSHARMA, Sandhir
245 0 _aManagement Information Systems
260 _aN. Delhi
_bNovatech
_c2008
300 _a308
650 _aMBA
942 _2ddc
_cBK
999 _c131
_d131